000 00500nam a2200217Ia 4500
003 OSt
005 20231002203554.0
008 210310s9999 xx 000 0 und d
020 _a#N/A
040 _aCO-JMCR
_cCO-JMCR
082 _a342.068 /
_bV342d
100 _aVillegas Arbelaez, Jairo
_98427
245 0 _aDerecho administrativo laboral
260 _c2004
300 _b#N/A
440 _a#N/A
_929954
500 _a#N/A
505 _a#N/A
650 _a#N/A
_929955
942 _2ddc
_cBK
999 _c13052
_d13052